<?xml version="1.0" encoding="UTF-8"?>
<record
    xmlns:xsi="http://www.w3.org/2001/XMLSchema-instance"
    xsi:schemaLocation="http://www.loc.gov/MARC21/slim http://www.loc.gov/standards/marcxml/schema/MARC21slim.xsd"
    xmlns="http://www.loc.gov/MARC21/slim">

  <leader>01508    a2200229   4500</leader>
  <controlfield tag="001">25017</controlfield>
  <controlfield tag="005">20260407155533.0</controlfield>
  <controlfield tag="008">260407a1948    arg                 spa d</controlfield>
  <controlfield tag="003">AR-UNSa-BCEJYS</controlfield>
  <datafield tag="040" ind1=" " ind2=" ">
    <subfield code="a">AR-UNSa-BCEJYS</subfield>
    <subfield code="b">spa</subfield>
    <subfield code="c">AR-UNSa-BCEJYS</subfield>
  </datafield>
  <datafield tag="080" ind1=" " ind2=" ">
    <subfield code="a">519.2</subfield>
    <subfield code="x">Probabilidades y estad&#xED;stica matem&#xE1;tica
</subfield>
  </datafield>
  <datafield tag="245" ind1="1" ind2="0">
    <subfield code="a">Estad&#xED;stica general aplicada</subfield>
  </datafield>
  <datafield tag="264" ind1=" " ind2="1">
    <subfield code="a">M&#xE9;xico :</subfield>
    <subfield code="b">Fondo de Cultura Econ&#xF3;mica</subfield>
    <subfield code="c">1948</subfield>
  </datafield>
  <datafield tag="300" ind1=" " ind2=" ">
    <subfield code="a">710 p.</subfield>
    <subfield code="c">22 cm.</subfield>
  </datafield>
  <datafield tag="505" ind1=" " ind2=" ">
    <subfield code="a">1. Introducci&#xF3;n - 2. Datos estad&#xED;sticos - 3. Cuadros estad&#xED;sticos - 4. Representaci&#xF3;n gr&#xE1;fica - 5. Representaci&#xF3;n gr&#xE1;fica (el diagrama semilogaritmico o de razones) - 6. Representaci&#xF3;n gr&#xE1;fica ( Otros tipos de gr&#xE1;ficas) - 7. Razones y porcientos - 8. La distribuci&#xF3;n de frecuencias - 9. Medidas de tendencias central - 10. Disperci&#xF3;n y asimetria -  11. Descripci&#xF3;n de una distribuci&#xF3;n de frecuencias por medio de una curva ajustada - 12. Exactitud e importancia de las medidas estad&#xED;sticas - 13. El problema de las series cronol&#xF3;gicas - 14. An&#xE1;lisis de las series cronol&#xF3;gicas - 15. Movimientos peri&#xF3;dicos - 16. Movimientos ciclicos - 17. Principios fundamentales de la construcci&#xF3;n de n&#xFA;meros indices - 18. Teor&#xED;a y pr&#xE1;ctica de los n&#xFA;meros indices - 19. Correlaci&#xF3;n simple - 20. Correlaci&#xF3;n de series cronol&#xF3;gicas - Ap&#xE9;ndice.</subfield>
  </datafield>
  <datafield tag="942" ind1=" " ind2=" ">
    <subfield code="c">BK</subfield>
  </datafield>
  <datafield tag="590" ind1=" " ind2=" ">
    <subfield code="a">niveau_biblio:m niveau_hierar:0</subfield>
  </datafield>
  <datafield tag="100" ind1="1" ind2=" ">
    <subfield code="a">Croxton, Frederick E.</subfield>
  </datafield>
  <datafield tag="700" ind1="1" ind2=" ">
    <subfield code="a">Cowden, Dudley J.</subfield>
  </datafield>
  <datafield tag="700" ind1="1" ind2=" ">
    <subfield code="a">Ortiz, Teodoro</subfield>
  </datafield>
  <datafield tag="700" ind1="1" ind2=" ">
    <subfield code="a">Bravo, Manuel</subfield>
  </datafield>
  <datafield tag="999" ind1=" " ind2=" ">
    <subfield code="c">1262</subfield>
    <subfield code="d">1262</subfield>
  </datafield>
  <datafield tag="952" ind1=" " ind2=" ">
    <subfield code="0">0</subfield>
    <subfield code="1">0</subfield>
    <subfield code="4">0</subfield>
    <subfield code="7">0</subfield>
    <subfield code="a">BCEJYS</subfield>
    <subfield code="b">BCEJYS</subfield>
    <subfield code="c">16</subfield>
    <subfield code="d">2026-04-07</subfield>
    <subfield code="l">0</subfield>
    <subfield code="o">519.2 C937</subfield>
    <subfield code="p">L20581</subfield>
    <subfield code="r">2026-04-07 15:55:33</subfield>
    <subfield code="w">2026-04-07</subfield>
    <subfield code="y">L</subfield>
  </datafield>
  <datafield tag="952" ind1=" " ind2=" ">
    <subfield code="0">0</subfield>
    <subfield code="1">0</subfield>
    <subfield code="4">0</subfield>
    <subfield code="7">0</subfield>
    <subfield code="a">BCEJYS</subfield>
    <subfield code="b">BCEJYS</subfield>
    <subfield code="c">16</subfield>
    <subfield code="d">2026-04-07</subfield>
    <subfield code="l">0</subfield>
    <subfield code="o">519.2 C937</subfield>
    <subfield code="p">L20580</subfield>
    <subfield code="r">2026-04-07 15:55:33</subfield>
    <subfield code="w">2026-04-07</subfield>
    <subfield code="y">L</subfield>
  </datafield>
  <datafield tag="952" ind1=" " ind2=" ">
    <subfield code="0">0</subfield>
    <subfield code="1">0</subfield>
    <subfield code="4">0</subfield>
    <subfield code="7">0</subfield>
    <subfield code="a">BCEJYS</subfield>
    <subfield code="b">BCEJYS</subfield>
    <subfield code="c">16</subfield>
    <subfield code="d">2026-04-07</subfield>
    <subfield code="l">0</subfield>
    <subfield code="o">519.2 C937</subfield>
    <subfield code="p">L20579</subfield>
    <subfield code="r">2026-04-07 15:55:33</subfield>
    <subfield code="w">2026-04-07</subfield>
    <subfield code="y">L</subfield>
  </datafield>
</record>
